[Event "Sunningdale e2e4 Major op"]
[Site "Sunningdale"]
[Date "2011.05.30"]
[Round "7"]
[White "Stewart, Noel M"]
[Black "Stephenson, David W"]
[Result "0-1"]
[WhiteElo "1842"]
[BlackElo "1994"]
[PlyCount "106"]
[EventDate "2011.05.27"]
[EventType "swiss"]
[EventRounds "7"]
[EventCountry "ENG"]
[SourceTitle "EXT 2023"]
[Source "ChessBase"]
[SourceDate "2022.10.05"]
[SourceVersion "1"]
[SourceVersionDate "2022.10.05"]
[SourceQuality "1"]

1. d4 d5 2. c4 e6 3. Nc3 c5 4. cxd5 cxd4 5. Qxd4 Nc6 6. Qd1 exd5 7. Qxd5 Bd7 8. e3 Nf6 9. Qd1 Bc5 10. Nf3 Qe7 11. Be2 0-0 12. 0-0 Rfd8 13. a3 Rac8 14. Nd5 Nxd5 15. Qxd5 Bg4 16. Qa2 Ne5 17. b4 Nxf3+ 18. Bxf3 Bxf3 19. gxf3 Bd6 20. f4 Qe4 21. Qb1 Qf3 22. Bb2 Be7 23. Rd1 Rc6 24. Rxd8+ Bxd8 25. Qd1 Rg6+ 26. Kf1 Qg2+ 27. Ke2 Bh4 28. Qd7 Qxf2+ 29. Kd3 h5 30. Qe8+ Kh7 31. Bd4 Rc6 32. Qe4+ g6 33. Bc5 Bf6 34. Rc1 Qb2 35. Qc4 Rc7 36. Rc2 Qxa3+ 37. Ke2 Qa4 38. Ra2 Qc6 39. Rxa7 b6 40. Rxc7 Qxc7 41. f5 bxc5 42. fxg6+ fxg6 43. bxc5 Qxh2+ 44. Kd3 Qc7 45. Qe6 Bg7 46. Kc4 h4 47. Qg4 Bf6 48. e4 Qc6 49. e5 Be7 50. Qf4 Qxc5+ 51. Kd3 Qd5+ 52. Ke2 Qe6 53. Kf2 Qf5 0-1

[Event "Sunningdale e2e4 Major op"]
[Site "Sunningdale"]
[Date "2011.05.29"]
[Round "5"]
[White "Bryant, Jonathan"]
[Black "Stephenson, David W"]
[Result "1-0"]
[WhiteElo "1954"]
[BlackElo "1994"]
[PlyCount "45"]
[EventDate "2011.05.27"]
[EventType "swiss"]
[EventRounds "7"]
[EventCountry "ENG"]
[SourceTitle "EXT 2023"]
[Source "ChessBase"]
[SourceDate "2022.10.05"]
[SourceVersion "1"]
[SourceVersionDate "2022.10.05"]
[SourceQuality "1"]

1. Nf3 Nc6 2. e4 e5 3. Nc3 Nf6 4. Bb5 Bc5 5. 0-0 d6 6. d4 exd4 7. Nxd4 Bd7 8. Nf5 0-0 9. Bg5 h6 10. Bh4 a6 11. Ba4 Kh7 12. Nxg7 b5 13. Nh5 Bd4 14. Nd5 bxa4 15. Nhxf6+ Kh8 16. Qh5 Kg7 17. Ng4 f6 18. Qxh6+ Kf7 19. Qh7+ Ke8 20. Qg6+ Rf7 21. Ngxf6+ Bxf6 22. Nxf6+ Kf8 23. Nh7+ 1-0

[Event "Sunningdale e2e4 Major op"]
[Site "Sunningdale"]
[Date "2011.05.28"]
[Round "3"]
[White "Stephenson, David W"]
[Black "Tobisch, John"]
[Result "1-0"]
[WhiteElo "1994"]
[BlackElo "1899"]
[PlyCount "55"]
[EventDate "2011.05.27"]
[EventType "swiss"]
[EventRounds "7"]
[EventCountry "ENG"]
[SourceTitle "EXT 2023"]
[Source "ChessBase"]
[SourceDate "2022.10.05"]
[SourceVersion "1"]
[SourceVersionDate "2022.10.05"]
[SourceQuality "1"]

1. d4 e6 2. Nc3 d5 3. e4 Bb4 4. Nge2 dxe4 5. a3 Be7 6. Nxe4 Nf6 7. N2g3 Nbd7 8. Bd3 b6 9. Qe2 Bb7 10. Bf4 0-0 11. 0-0-0 Nxe4 12. Nxe4 Nf6 13. f3 a6 14. Kb1 b5 15. g4 Bc6 16. Nxf6+ Bxf6 17. Be4 Bxe4 18. Qxe4 Ra7 19. Qe3 Qd5 20. h4 Be7 21. g5 Bd6 22. Be5 Rb7 23. h5 Bxe5 24. dxe5 Qc6 25. h6 g6 26. Qf4 f5 27. gxf6 b4 28. f7+ 1-0

[Event "Sunningdale e2e4 Major op"]
[Site "Sunningdale"]
[Date "2011.05.27"]
[Round "1"]
[White "Stephenson, David W"]
[Black "Musthapha, Othman"]
[Result "1-0"]
[WhiteElo "1994"]
[BlackElo "1832"]
[PlyCount "91"]
[EventDate "2011.05.27"]
[EventType "swiss"]
[EventRounds "7"]
[EventCountry "ENG"]
[SourceTitle "EXT 2023"]
[Source "ChessBase"]
[SourceDate "2022.10.05"]
[SourceVersion "1"]
[SourceVersionDate "2022.10.05"]
[SourceQuality "1"]

1. d4 Nf6 2. Nc3 d5 3. e4 dxe4 4. f3 exf3 5. Nxf3 e6 6. Bd3 Be7 7. 0-0 0-0 8. Bg5 Nbd7 9. Qe1 h6 10. Qh4 Nd5 11. Nxd5 Bxg5 12. Nxg5 Qxg5 13. Qe4 g6 14. Nxc7 Rb8 15. h4 Qe7 16. Nd5 Qd8 17. Ne3 h5 18. Rf2 b6 19. Raf1 Bb7 20. Qf4 Kg7 21. Nc4 f5 22. Re2 Rf6 23. Rfe1 Nf8 24. Nd6 Qd7 25. Nxf5+ gxf5 26. Qxb8 Rg6 27. Qe5+ Kg8 28. Bb5 Qe7 29. c4 a6 30. Ba4 Qxh4 31. Be8 Rg4 32. d5 f4 33. Qxh5 Qg3 34. Qf7+ Kh8 35. Qxf8+ Kh7 36. Qf7+ Kh8 37. Qxe6 f3 38. Qf6+ Rg7 39. Qh6+ Rh7 40. Qf8+ Qg8 41. Qxg8+ Kxg8 42. gxf3 Rg7+ 43. Kf2 b5 44. Re7 Rg5 45. Rxb7 bxc4 46. Rg1 1-0